000 01296nam a2200313Ia 4500
001 ebr10524059
003 CaPaEBR
006 m u
007 cr cn|||||||||
008 070425s2012 njua sb 001 0 eng d
020 _z9780470530689
020 _z9781118147665
040 _aCaPaEBR
_cCaPaEBR
035 _a(OCoLC)778434152
050 1 4 _aQA279
_b.D47 2012eb
245 0 0 _aDesign and analysis of experiments.
_nVolume 3,
_pSpecial designs and applications
_h[electronic resource] /
_cedited by Klaus Hinkelmann.
260 _aHoboken, NJ :
_bWiley-Interscience,
_c2012.
300 _axxvii, 555 p. :
_bill.
490 1 _aWiley series in probability and statistics
504 _aIncludes bibliographical references and indexes.
533 _aElectronic reproduction.
_bPalo Alto, Calif. :
_cebrary,
_d2013.
_nAvailable via World Wide Web.
_nAccess may be limited to ebrary affiliated libraries.
650 0 _aExperimental design.
650 0 _aMathematical statistics.
655 7 _aElectronic books.
_2local
700 1 _aHinkelmann, Klaus,
_d1932-
710 2 _aebrary, Inc.
830 0 _aWiley series in probability and statistics.
856 4 0 _uhttp://site.ebrary.com/lib/rucke/Doc?id=10524059
_zAn electronic book accessible through the World Wide Web; click to view
999 _c143776
_d143776